Првих 100 женских имена по популарности у Србији - Statistics

General Stats
  • This quiz has been taken 14 658 times
  • The average score is 56 of 99
Answer Stats
Ранг Име % Correct
6 Ана
97%
5 Марија
96%
1 Милица
94%
3 Јована
94%
7 Катарина
88%
10 Јелена
88%
4 Теодора
85%
8 Сара
85%
2 Анђела
84%
13 Тијана
82%
16 Анастасија
82%
20 Ивана
82%
11 Александра
80%
12 Тамара
80%
14 Јана
80%
17 Кристина
79%
22 Николина
75%
25 Нина
75%
42 Сања
73%
44 Лена
73%
21 Невена
72%
35 Уна
72%
43 Лана
72%
9 Ања
71%
54 Хелена
71%
28 Елена
69%
29 Дуња
69%
91 Љиљана
69%
19 Софија
68%
36 Вања
67%
50 Петра
67%
31 Бојана
66%
63 Ема
66%
77 Тања
66%
27 Нађа
65%
30 Маја
64%
40 Мила
64%
46 Драгана
63%
66 Љубица
63%
18 Мина
61%
34 Емилија
60%
38 Наташа
59%
48 Милена
59%
97 Хана
59%
62 Татјана
58%
33 Тара
57%
68 Теа
57%
47 Даница
56%
23 Маша
55%
45 Марина
55%
53 Лара
55%
74 Соња
55%
32 Исидора
54%
24 Андреа
53%
87 Оливера
53%
26 Наталија
52%
37 Миа
52%
51 Сандра
52%
56 Маријана
52%
64 Зорана
52%
49 Ивона
51%
78 Мирјана
51%
86 Олга
50%
90 Дијана
48%
58 Ирена
47%
59 Данијела
47%
41 Валентина
46%
39 Андријана
45%
70 Ирина
45%
57 Магдалена
44%
60 Ксенија
44%
52 Анђелија
43%
73 Дејана
43%
75 Леа
43%
93 Тина
43%
55 Марта
39%
71 Ленка
39%
72 Миња
39%
69 Виолета
38%
80 Неда
38%
85 Јасмина
37%
92 Дарија
37%
61 Сташа
36%
84 Снежана
36%
100 Ружица
34%
65 Анита
33%
67 Миљана
33%
79 Душица
33%
81 Лидија
33%
98 Јелисавета
33%
99 Милана
33%
82 Викторија
32%
83 Анђелина
32%
94 Сузана
30%
76 Симона
28%
89 Ангелина
28%
96 Дина
25%
88 Доротеја
24%
95 Елма
19%
No matching quizzes found
Score Distribution
Percent of People with Each Score
Percentile by Number Answered
Your Score History
You have not taken this quiz